Statistics for Spell the Marvel Character #120

Click here to take the quiz!

General Stats

  • This quiz has been taken 9 times
  • The average score is 8 of 10

Answer Stats

Answer% Correct
Iron Man
100%
Ant-Man
89%
Luke Cage
89%
Thing
89%
Hercules
78%
Rogue
78%
Lionheart
67%
Namor the Sub-Mariner
67%
Echo
56%
Outlaw
56%

Score Distribution

Percentile by Number Answered

Percent of People with Each Score

Your Score History

You have not taken this quiz